[Event "St.Petersburg Summer Open"]
[Site "St Petersburg RUS"]
[Date "2016.08.22"]
[Round "6.24"]
[White "Kamnev, Alexander"]
[Black "Zavgorodniaya, Alena"]
[Result "0-1"]
[WhiteElo "2101"]
[BlackElo "1937"]
[WhiteFideId "24176753"]
[BlackFideId "4169956"]
[EventDate "2016.08.17"]

1. e4 e5 2. Nf3 Nc6 3. Bc4 Bc5 4. d3 Nf6 5. c3 a6 6. O-O Ba7 7. Nbd2 O-O 8. Bb3
d6 9. Re1 Ng4 10. Re2 Na5 11. h3 Nxb3 12. Qxb3 Nf6 13. Nf1 h6 14. Ng3 c5 15. Be3
Re8 16. Rae1 Be6 17. Qa3 Qc7 18. c4 b5 19. Qc3 Bb6 20. Qc1 Qb7 21. b3 a5 22. Nh4
Bd8 23. Nhf5 Bxf5 24. Nxf5 Re6 25. Bd2 Nh7 26. Re3 Rg6 27. Kh2 b4 28. h4 Nf6 29.
Rh3 Ng4+ 30. Kg1 h5 31. f3 Nf6 32. Kf2 Qd7 33. a4 bxa3 34. Qxa3 Nh7 35. Ng3 Nf6
36. Rb1 Qa7 37. Rhh1 Qe7 38. Qa4 Rb8 39. Nf5 Qe6 40. Ra1 Nh7 41. g3 Rf6 42. Rhb1
g6 43. Ne3 Qc8 44. Bxa5 Bxa5 45. Qxa5 Nf8 46. Qa6 Qd8 47. Qa5 Qc8 48. Qa6 Qd8
49. Nd5 Re6 50. b4 cxb4 51. Rxb4 Rxb4 52. Nxb4 Re8 53. Nd5 Kg7 54. Qb7 Ne6 55.
Ra7 Rf8 56. Qd7 Nc5 57. Qxd8 Rxd8 58. Ke3 Rb8 59. Nc3 Rb3 60. Kd2 Rb2+ 61. Ke3
Rb3 62. Ke2 Rxc3 0-1

[Event "St.Petersburg Summer Open"]
[Site "St Petersburg RUS"]
[Date "2016.08.22"]
[Round "6.25"]
[White "Filyanin, Daniil"]
[Black "Rubtsov, Aleksandr"]
[Result "1-0"]
[WhiteElo "2098"]
[BlackElo "1817"]
[WhiteFideId "24177300"]
[BlackFideId "34179272"]
[EventDate "2016.08.17"]

1. e4 e5 2. Nf3 Nc6 3. Bb5 a6 4. Ba4 Nf6 5. Qe2 Be7 6. c3 d6 7. h3 O-O 8. O-O b5
9. Bc2 Bb7 10. a4 Nb8 11. d4 Nbd7 12. Rd1 Qb8 13. Nbd2 c6 14. Nf1 Re8 15. Ng3 g6
16. Bh6 Bf8 17. Qd2 Bg7 18. Qg5 Bxh6 19. Qxh6 Re7 20. Qg5 Qf8 21. Nf5 Ree8 22.
dxe5 dxe5 23. Nd6 Reb8 24. Bb3 h6 25. Qxg6+ Qg7 26. Bxf7+ Kh8 27. Qf5 Ng8 28.
Qxd7 Bc8 29. Nxc8 Rxc8 30. Bxg8 Qxg8 31. Nxe5 Rf8 32. Rd6 1-0

[Event "St.Petersburg Summer Open"]
[Site "St Petersburg RUS"]
[Date "2016.08.22"]
[Round "6.26"]
[White "Nikitinyh, Boris"]
[Black "Lamorelle, Julien"]
[Result "0-1"]
[BlackTitle "FM"]
[WhiteElo "2099"]
[BlackElo "2376"]
[WhiteFideId "4198328"]
[BlackFideId "616010"]
[EventDate "2016.08.17"]

1. e4 d5 2. exd5 Qxd5 3. Nf3 Nf6 4. Be2 Bg4 5. O-O Nc6 6. Nc3 Qa5 7. h3 Bh5 8.
d3 e5 9. Re1 O-O-O 10. Bd2 Qc5 11. a3 Qd6 12. Be3 Nd5 13. Nb5 Qd7 14. Bxa7 b6
15. c4 Nf4 16. Bf1 Kb7 17. g4 Bxg4 18. Nxe5 Bxd1 19. Nxd7 Rxd7 20. Raxd1 Nxa7
21. Nxa7 Kxa7 22. Re8 g6 23. Re4 g5 24. d4 Bg7 25. a4 f5 26. Ree1 Bxd4 27. c5
Rhd8 28. cxb6+ Bxb6 29. Rxd7 Rxd7 30. Bb5 Rd2 31. Re8 Bxf2+ 0-1

[Event "St.Petersburg Summer Open"]
[Site "St Petersburg RUS"]
[Date "2016.08.22"]
[Round "6.27"]
[White "Grigoriev, Oleg"]
[Black "Afanasiev, Nikita"]
[Result "0-1"]
[BlackTitle "FM"]
[WhiteElo "2033"]
[BlackElo "2349"]
[WhiteFideId "24175528"]
[BlackFideId "24183555"]
[EventDate "2016.08.17"]

1. e4 b6 2. d4 Bb7 3. Nc3 e6 4. Bd3 Nf6 5. Bg5 Be7 6. f4 c5 7. Nf3 cxd4 8. Nb5
h6 9. Bh4 a6 10. Bxf6 gxf6 11. Nbxd4 Qc7 12. Qd2 Nc6 13. O-O-O b5 14. Kb1 Na5
15. e5 Nc4 16. Qe2 Nxb2 17. Rde1 Na4 18. Qd2 Nc3+ 19. Ka1 Qa5 20. Kb2 Qxa2+ 21.
Kxc3 b4# 0-1

[Event "St.Petersburg Summer Open"]
[Site "St Petersburg RUS"]
[Date "2016.08.22"]
[Round "6.28"]
[White "Zabolotnov, Evgeny"]
[Black "Emdin, Mark"]
[Result "0-1"]
[WhiteElo "1994"]
[BlackElo "2247"]
[WhiteFideId "34157619"]
[BlackFideId "4100050"]
[EventDate "2016.08.17"]

1. d4 g6 2. e4 Bg7 3. c4 d6 4. Nc3 Nd7 5. Be3 c5 6. Nge2 cxd4 7. Nxd4 Ngf6 8.
Be2 O-O 9. O-O Nc5 10. f3 Ne8 11. Qd2 Ne6 12. Nb3 f5 13. exf5 gxf5 14. f4 Bd7
15. Bf3 Bc6 16. Nb5 Nf6 17. N3d4 Nxd4 18. Bxd4 e5 19. Bc3 Qb6+ 20. Qf2 e4 21.
Qxb6 axb6 22. Be2 Bxb5 23. cxb5 Kf7 24. Rfd1 Ne8 25. Bxg7 Kxg7 26. a3 Rd8 27.
Rac1 d5 28. Rd4 Kf6 29. Bh5 Ng7 30. Bd1 Ne6 31. Rd2 Nxf4 32. Rc7 e3 33. Rdc2 Rf7
34. Rxf7+ Kxf7 35. g3 Ne6 36. Kf1 Kf6 37. b4 d4 38. Re2 f4 39. Kg2 Ke5 0-1

[Event "St.Petersburg Summer Open"]
[Site "St Petersburg RUS"]
[Date "2016.08.22"]
[Round "6.29"]
[White "Gnidenko, Andrey"]
[Black "Brugo, Marco"]
[Result "1-0"]
[WhiteElo "2204"]
[BlackElo "2053"]
[WhiteFideId "4199570"]
[BlackFideId "806609"]
[EventDate "2016.08.17"]

1. d4 e6 2. c4 Nf6 3. Nc3 Bb4 4. e3 O-O 5. Bd3 d5 6. Nf3 c5 7. O-O Nc6 8. a3
Bxc3 9. bxc3 dxc4 10. Bxc4 Qc7 11. Qe2 e5 12. h3 e4 13. Nd2 Re8 14. a4 Be6 15.
Ba3 Bxc4 16. Qxc4 cxd4 17. cxd4 Qa5 18. Rfd1 Qd5 19. Rab1 b6 20. Rb5 Qd7 21. Qa2
Na5 22. Bb4 Nc6 23. Bc3 Ne7 24. Re5 Ned5 25. Ba1 Rac8 26. Nxe4 Rxe5 27. dxe5
Nxe4 28. Qxd5 Qxd5 29. Rxd5 Rc1+ 30. Kh2 h6 31. Bd4 Nxf2 32. Rd8+ Kh7 33. Rd7
Rc8 34. Rxf7 Ne4 35. e6 Rg8 36. Rxa7 Nc5 37. e7 Re8 38. a5 1-0

[Event "St.Petersburg Summer Open"]
[Site "St Petersburg RUS"]
[Date "2016.08.22"]
[Round "6.30"]
[White "Frolov, Lev"]
[Black "Fridman, Anatoly"]
[Result "1/2-1/2"]
[WhiteElo "1967"]
[BlackElo "2191"]
[WhiteFideId "4187571"]
[BlackFideId "24166952"]
[EventDate "2016.08.17"]

1. d4 d5 2. c4 e6 3. Nc3 f5 4. Nf3 Nf6 5. Bg5 c6 6. e3 Bd6 7. Ne5 O-O 8. f4 Nbd7
9. Be2 Bb4 10. O-O Bxc3 11. bxc3 Qa5 12. Nxd7 Bxd7 13. Bxf6 Rxf6 14. Qb3 b6 15.
Qb4 Qxb4 16. cxb4 a5 17. Rfb1 a4 18. a3 Rff8 19. c5 b5 20. h4 Rae8 21. Kf2 Re7
22. g3 Be8 23. Rg1 h5 1/2-1/2

[Event "St.Petersburg Summer Open"]
[Site "St Petersburg RUS"]
[Date "2016.08.22"]
[Round "6.31"]
[White "Divaev, Vadim"]
[Black "Lagashin, Pavel"]
[Result "0-1"]
[WhiteElo "1664"]
[BlackElo "2186"]
[WhiteFideId "24238724"]
[BlackFideId "24132144"]
[EventDate "2016.08.17"]

1. d4 Nf6 2. Nf3 c5 3. e3 e6 4. c4 b6 5. Nc3 cxd4 6. exd4 Bb7 7. a3 d5 8. cxd5
Nxd5 9. Bb5+ Bc6 10. Qa4 Qd7 11. Nxd5 Qxd5 12. Bxc6+ Nxc6 13. O-O Be7 14. Be3
O-O 15. Rac1 b5 16. Qc2 Rac8 17. Qe2 h6 18. Rc2 Na5 19. Rfc1 Rxc2 20. Rxc2 Nc4
21. Nd2 Nxe3 22. fxe3 e5 23. Qf3 Qxf3 24. Nxf3 exd4 25. exd4 Bd6 26. Rc6 Rd8 27.
Kf2 Kf8 28. Ke3 Ke7 29. h3 Ke6 30. Nd2 Kd5 31. Rc2 a6 32. Kd3 f5 33. Nf1 f4 34.
Nd2 Re8 35. Nf3 Re3+ 36. Kd2 b4 37. axb4 Bxb4+ 38. Kd1 Re6 39. Re2 Rxe2 40. Kxe2
Kc4 41. h4 Kb3 42. Kd3 a5 43. Ne5 Kxb2 44. Kc4 Be7 45. Nc6 a4 46. d5 a3 47. Na5
a2 48. Nb3 Bxh4 49. d6 g5 50. d7 g4 0-1

[Event "St.Petersburg Summer Open"]
[Site "St Petersburg RUS"]
[Date "2016.08.22"]
[Round "6.32"]
[White "Zaykov, Sergey"]
[Black "Grausgruber, Rene"]
[Result "1-0"]
[WhiteElo "2156"]
[BlackElo "2014"]
[WhiteFideId "4143906"]
[BlackFideId "1610074"]
[EventDate "2016.08.17"]

1. Nf3 Nc6 2. c4 e5 3. d4 exd4 4. Nxd4 Bc5 5. Nb3 Bb4+ 6. Bd2 Qf6 7. Nc3 Nge7 8.
a3 Bd6 9. Ne4 Qg6 10. Nxd6+ cxd6 11. Bc3 O-O 12. h4 Ne5 13. h5 Qg5 14. h6 gxh6
15. Qxd6 N7g6 16. Nd4 Qf4 17. e3 Nd3+ 18. Bxd3 Qxd6 19. Nf5 Qe5 20. Bxe5 Nxe5
21. Be2 f6 22. Rd1 Re8 23. Nxh6+ Kg7 24. Nf5+ Kg6 25. g4 Nxg4 26. Bxg4 d5 27.
Nh4+ 1-0

[Event "St.Petersburg Summer Open"]
[Site "St Petersburg RUS"]
[Date "2016.08.22"]
[Round "6.33"]
[White "Nasybullina, Alfia"]
[Black "Stepanov, Andrey"]
[Result "1-0"]
[WhiteTitle "WFM"]
[WhiteElo "2141"]
[BlackElo "1995"]
[WhiteFideId "4132416"]
[BlackFideId "24198730"]
[EventDate "2016.08.17"]

1. d4 Nf6 2. Nf3 g6 3. c4 Bg7 4. Nc3 d5 5. cxd5 Nxd5 6. e4 Nxc3 7. bxc3 c5 8.
Be2 O-O 9. O-O Nc6 10. Be3 Bg4 11. d5 Ne5 12. Nxe5 Bxe2 13. Qxe2 Bxe5 14. Bxc5
Bxc3 15. Rac1 Bg7 16. Qb5 b6 17. Be3 Qd6 18. Rc6 Qe5 19. Qc4 Rad8 20. f4 Qb2 21.
Rc7 Qa3 22. Qb3 Qa5 23. Bf2 Qd2 24. Rxe7 Qxf4 25. Bxb6 Qb8 26. Bxd8 Qxd8 27. Qb7
Qb6+ 28. Qxb6 axb6 29. e5 Ra8 30. d6 Rd8 31. d7 Bf8 32. Rexf7 1-0

[Event "St.Petersburg Summer Open"]
[Site "St Petersburg RUS"]
[Date "2016.08.22"]
[Round "6.34"]
[White "Lapin, Nikita"]
[Black "Vunder, Andrey"]
[Result "0-1"]
[WhiteElo "1641"]
[BlackElo "2138"]
[WhiteFideId "34164887"]
[BlackFideId "4128338"]
[EventDate "2016.08.17"]

1. e4 c6 2. d4 d5 3. exd5 cxd5 4. Bd3 Nc6 5. c3 Nf6 6. Bf4 Bg4 7. Qb3 Qd7 8. Nd2
e6 9. Ngf3 Bxf3 10. Nxf3 Bd6 11. Be5 Qc7 12. Bxd6 Qxd6 13. Qxb7 Rb8 14. Qa6 O-O
15. b4 Rb6 16. Qa4 e5 17. dxe5 Nxe5 18. Nxe5 Qxe5+ 19. Kd2 Qf4+ 20. Ke1 Re6+ 21.
Kd1 Ng4 22. Kc2 Nxf2 23. Rhe1 Nxd3 24. Rxe6 fxe6 25. Qd7 Qe4 26. Kb3 Qc4+ 27.
Ka4 Nc5+ 28. Ka3 Qxc3# 0-1

[Event "St.Petersburg Summer Open"]
[Site "St Petersburg RUS"]
[Date "2016.08.22"]
[Round "6.35"]
[White "Hurtado, Felipe"]
[Black "Levdansky, Alexey"]
[Result "1-0"]
[WhiteElo "2132"]
[BlackElo "1973"]
[WhiteFideId "4405480"]
[BlackFideId "34107581"]
[EventDate "2016.08.17"]

1. e4 c5 2. Nf3 Nc6 3. Bb5 d6 4. d4 cxd4 5. Qxd4 Bd7 6. Bxc6 Bxc6 7. Nc3 Nf6 8.
Bg5 Qa5 9. O-O h6 10. b4 Qd8 11. Bxf6 gxf6 12. Rad1 Rg8 13. Rfe1 e6 14. b5 Bd7
15. a4 Be7 16. Rd3 b6 17. Qe3 Qc7 18. Nd4 Qb7 19. g3 h5 20. Nd5 exd5 21. exd5
O-O-O 22. Rc3+ Kb8 23. Nc6+ Bxc6 24. dxc6 Qc7 25. Qxe7 Rge8 26. Qxe8 1-0

[Event "St.Petersburg Summer Open"]
[Site "St Petersburg RUS"]
[Date "2016.08.22"]
[Round "6.36"]
[White "Talyansky, Seth D"]
[Black "Mestnikov, Aisen"]
[Result "1-0"]
[BlackTitle "FM"]
[WhiteElo "1963"]
[BlackElo "2126"]
[WhiteFideId "30907730"]
[BlackFideId "34130117"]
[EventDate "2016.08.17"]

1. e4 e5 2. Nf3 Nc6 3. Bb5 a6 4. Ba4 Nf6 5. O-O Be7 6. Re1 b5 7. Bb3 O-O 8. d3
d6 9. c3 Bb7 10. Nbd2 Rc8 11. a4 b4 12. Nc4 a5 13. Ne3 g6 14. Nd5 Nxd5 15. Bxd5
bxc3 16. bxc3 Bf6 17. Rb1 Ba8 18. Bh6 Bg7 19. Qd2 Rb8 20. h4 Qd7 21. h5 Ne7 22.
Bxg7 Kxg7 23. h6+ Kg8 24. Rxb8 Rxb8 25. Bxa8 Rxa8 26. Rb1 Qxa4 27. Qg5 Qa2 28.
Rb7 Qe6 29. Rxc7 f6 30. Qe3 a4 31. Ra7 Rc8 32. c4 Rb8 33. Rxa4 Rb1+ 34. Kh2 Qg4 1-0

[Event "St.Petersburg Summer Open"]
[Site "St Petersburg RUS"]
[Date "2016.08.22"]
[Round "6.37"]
[White "Svidinsky, Dmitry"]
[Black "Pavlova, Natalia"]
[Result "1/2-1/2"]
[WhiteElo "2122"]
[BlackElo "1977"]
[WhiteFideId "24120251"]
[BlackFideId "24135615"]
[EventDate "2016.08.17"]

1. d4 d5 2. c4 c6 3. Nc3 Nf6 4. cxd5 cxd5 5. Nf3 Nc6 6. Bf4 a6 7. e3 Bg4 8. h3
Bxf3 9. Qxf3 e6 10. Bd3 Bd6 11. Bxd6 Qxd6 12. O-O O-O 13. Rac1 b5 14. Rfd1 Rac8
15. Bf1 Na5 16. Qe2 Qb4 17. Qd2 Nc4 18. Bxc4 Rxc4 19. b3 Rc7 20. Ne4 Qxd2 21.
Nxd2 Rfc8 22. Rxc7 Rxc7 23. a4 b4 24. f3 Rc3 25. Kf2 Kf8 26. Ke2 Ke7 27. Rb1 Kd6
28. Nf1 Rc2+ 29. Nd2 Nh5 30. Kd1 Rc3 31. Nf1 e5 32. g4 Nf6 33. dxe5+ Kxe5 34.
Ke2 Nd7 35. h4 Nc5 36. Nd2 g6 37. Rb2 f5 38. gxf5 gxf5 39. f4+ Kf6 40. Rb1 a5
41. Kf2 Rc2 42. Ke1 Rc3 43. Ke2 Rc2 44. Kd1 Rc3 45. Ke2 Rc2 46. Kd1 Rc3 47. Ke2 1/2-1/2

[Event "St.Petersburg Summer Open"]
[Site "St Petersburg RUS"]
[Date "2016.08.22"]
[Round "6.38"]
[White "Ustinov, Alexey"]
[Black "Sakorenko, Adriana"]
[Result "1/2-1/2"]
[WhiteElo "2117"]
[BlackElo "1942"]
[WhiteFideId "24126209"]
[BlackFideId "34130249"]
[EventDate "2016.08.17"]

1. g3 d5 2. Bg2 Nf6 3. Nf3 e6 4. O-O Bd6 5. c4 O-O 6. b3 b6 7. Bb2 Bb7 8. d3 c5
9. Nbd2 Nc6 10. Qc2 Qe7 11. cxd5 exd5 12. Rfe1 Rad8 13. Rac1 Rfe8 14. Nh4 Be5
15. Nf5 Qf8 16. Bxe5 Nxe5 17. d4 Ned7 18. dxc5 Nxc5 19. Nd4 Nce4 20. Bh3 Bc8 21.
Bxc8 Rxc8 22. Qb2 Qe7 23. Rxc8 Rxc8 24. Rc1 Rxc1+ 25. Qxc1 Qc5 26. Qxc5 bxc5 27.
Nxe4 Nxe4 28. Nb5 c4 29. bxc4 dxc4 30. f3 a6 31. Na3 Nc3 32. Nxc4 Nxa2 33. Kf2
f5 34. Ke3 Kf7 35. Kd4 Ke6 36. Nb2 Nc1 37. e3 Ne2+ 38. Kc4 Ng1 39. f4 Nf3 40. h3
Ng1 41. Nd3 Kf6 42. Nf2 h5 43. Kc5 Ne2 44. g4 hxg4 45. hxg4 fxg4 46. Nxg4+ Kf5
47. Nf2 Nc3 48. Kc4 Ne4 49. Nd3 g5 50. fxg5 Nxg5 1/2-1/2

[Event "St.Petersburg Summer Open"]
[Site "St Petersburg RUS"]
[Date "2016.08.22"]
[Round "6.39"]
[White "Shinkevich, Maksim"]
[Black "Kuzmichev, Artem"]
[Result "1-0"]
[WhiteElo "2052"]
[BlackElo "1917"]
[WhiteFideId "24176389"]
[BlackFideId "34191850"]
[EventDate "2016.08.17"]

1. d4 Nf6 2. c4 c5 3. d5 b5 4. cxb5 a6 5. b6 d6 6. Nc3 Nbd7 7. e4 g6 8. Nf3 Bg7
9. Be2 O-O 10. O-O a5 11. a4 Qxb6 12. Nd2 Ba6 13. Bb5 Bxb5 14. axb5 Rfb8 15. Nc4
Qd8 16. Qe2 Ne8 17. Bd2 a4 18. Nxa4 Rxb5 19. Ne5 Nc7 20. Nc6 Qe8 21. Bc3 Nb8 22.
Bxg7 Kxg7 23. Nc3 Rb6 24. Rxa8 Nxa8 25. Na5 Ra6 26. Nc4 Nb6 27. Ne3 Qc8 28. f4
Qb7 29. f5 Na4 30. fxg6 hxg6 31. Qg4 Nxb2 32. Nf5+ Kf8 33. Nh6 Nd7 34. Qxg6 Ke8
35. Nxf7 Nf8 36. Nxd6+ Kd7 37. Nxb7 Rxg6 38. Rxf8 Nd3 39. Rf3 Ne5 40. Nxc5+ Kd6
41. Rf5 Nc4 42. Nd3 Ne3 43. Rf2 Rg8 44. Re2 Nc4 45. e5+ Kc7 46. Ne4 Nb6 47. d6+
exd6 48. exd6+ Kc6 49. Ne5+ Kb5 50. Rb2+ Ka5 51. Nc6+ Ka4 52. Nc5+ Ka3 53. Rxb6
Ra8 54. Ne7 Ka2 55. h3 Ka1 56. d7 Rd8 57. Nc6 Ra8 58. d8=Q Rxd8 59. Nxd8 Ka2 60.
Kf2 Ka3 61. Ke2 Ka2 1-0

[Event "St.Petersburg Summer Open"]
[Site "St Petersburg RUS"]
[Date "2016.08.22"]
[Round "6.40"]
[White "Nordquelle, Daniel"]
[Black "Israyelyan, Eduard"]
[Result "0-1"]
[WhiteElo "2176"]
[BlackElo "1808"]
[WhiteFideId "1519042"]
[BlackFideId "13310550"]
[EventDate "2016.08.17"]

1. e4 e6 2. d4 d5 3. Nc3 Bb4 4. e5 Ne7 5. Qg4 c5 6. dxc5 Qa5 7. Bd2 Nbc6 8. Nf3
Ng6 9. h4 O-O 10. Bd3 d4 11. Ne4 Ncxe5 12. Nxe5 Nxe5 13. Qg3 Bxd2+ 14. Nxd2 Qxc5
15. h5 h6 16. Rh4 Nxd3+ 17. Qxd3 e5 18. g4 Qe7 19. Qg3 f5 20. O-O-O fxg4 21. Re1
Bf5 22. Rxe5 Qg5 23. Kd1 Qf6 24. Ne4 Qc6 25. Nc5 b6 26. Qb3+ Kh8 27. Ne6 Bxe6
28. Rxe6 Qg2 29. Qg3 Rxf2 30. Qxg2 Rxg2 31. Re4 Rf8 32. Rh1 Rff2 33. Rxd4 Rxc2
34. Rxg4 Rxb2 35. Rxg2 Rxg2 36. a3 Rg3 37. a4 Rg4 38. a5 b5 39. Kc2 Ra4 40. Kb3
a6 41. Re1 Rxa5 42. Kb4 Ra4+ 43. Kc5 b4 44. Kd6 Ra5 45. Rh1 Rb5 46. Ke6 b3 0-1

[Event "St.Petersburg Summer Open"]
[Site "St Petersburg RUS"]
[Date "2016.08.22"]
[Round "6.41"]
[White "Glazov, Anatoly"]
[Black "Tretyakov, Stepan"]
[Result "0-1"]
[WhiteElo "1766"]
[BlackElo "2122"]
[WhiteFideId "4192281"]
[BlackFideId "24198820"]
[EventDate "2016.08.17"]

1. c4 Nf6 2. d4 g6 3. Nc3 Bg7 4. e4 d6 5. Nf3 O-O 6. Be2 e5 7. Bg5 h6 8. Bh4
exd4 9. Nxd4 Re8 10. Qd3 Nc6 11. Nxc6 bxc6 12. O-O g5 13. Bg3 Qe7 14. f3 Nh5 15.
f4 Nxg3 16. Qxg3 Rb8 17. Rab1 Be6 18. f5 Bd4+ 19. Kh1 Bd7 20. Bh5 Qe5 21. Qxe5
Rxe5 22. Bf3 Rb4 23. Rfd1 Bxc3 24. bxc3 Rb6 25. Rb4 g4 26. Bxg4 Rxe4 27. Bf3
Rxb4 28. cxb4 Rxc4 29. Rb1 Kg7 30. g4 Kf6 31. Rb2 Rc3 32. Bg2 Rc1+ 0-1

[Event "St.Petersburg Summer Open"]
[Site "St Petersburg RUS"]
[Date "2016.08.22"]
[Round "6.42"]
[White "Lyazhkov, Sergey"]
[Black "Shadrin, Anton"]
[Result "0-1"]
[WhiteElo "1799"]
[BlackElo "2066"]
[WhiteFideId "34132624"]
[BlackFideId "4158881"]
[EventDate "2016.08.17"]

1. d4 Nf6 2. c4 g6 3. Nc3 d5 4. Bg5 Ne4 5. cxd5 Nxc3 6. bxc3 Qxd5 7. Nf3 Bg7 8.
Bf4 c5 9. e3 Nc6 10. Be2 cxd4 11. cxd4 O-O 12. O-O h6 13. h3 Be6 14. a4 Rac8 15.
Rb1 Na5 16. Ne5 b6 17. Bf3 Qa2 18. d5 Bf5 19. e4 Bxe5 20. Bxe5 Bd7 21. Ra1 Qc4
22. Bg4 e6 23. dxe6 Bxe6 24. Bxe6 Qxe6 25. Bf4 g5 26. Bd2 Nb3 27. Ra3 Nxd2 28.
Qxd2 Qxe4 29. Re1 Qc6 30. Qd3 Rfd8 31. Qb5 a5 32. Rb3 Qxb5 33. Rxb5 Rc6 34. Reb1
Rdd6 35. Kf1 Kf8 36. g3 Ke7 37. Re1+ Kd7 38. h4 gxh4 39. gxh4 Rc4 40. Ra1 Rxh4
41. Ra3 Rf4 0-1

[Event "St.Petersburg Summer Open"]
[Site "St Petersburg RUS"]
[Date "2016.08.22"]
[Round "6.43"]
[White "Stroganov, Anatoly"]
[Black "Mestnikov, Aital"]
[Result "0-1"]
[WhiteElo "1762"]
[BlackElo "2040"]
[WhiteFideId "4178955"]
[BlackFideId "24175943"]
[EventDate "2016.08.17"]

1. d4 Nf6 2. Nf3 c5 3. e3 e6 4. Bd3 d5 5. b3 cxd4 6. exd4 Nc6 7. a3 Bd6 8. Bb2
O-O 9. Ne5 Qc7 10. f4 Ne4 11. Bxe4 dxe4 12. O-O f6 13. Nxc6 bxc6 14. Bc1 c5 15.
d5 f5 16. dxe6 Bxe6 17. c4 Rad8 18. Qc2 Be7 19. Bb2 Rd3 20. Nc3 Rfd8 21. Rad1
Bf6 22. Nd5 Bxd5 23. Bxf6 gxf6 24. cxd5 R8xd5 25. Rxd3 Rxd3 26. Qc4+ Kg7 27. g3
Qd6 28. Qb5 Rd2 29. Qe8 Qd4+ 30. Kh1 Qd5 31. Qe7+ Kg6 32. Qe8+ Kh6 33. Qf8+ Kh5
34. Qe8+ Kg4 35. h3+ Kxg3 36. Rg1+ Kh4 37. Qg8 Qxg8 38. Rxg8 e3 39. Kg1 Rd1+ 40.
Kg2 e2 41. Rg7 h5 0-1

[Event "St.Petersburg Summer Open"]
[Site "St Petersburg RUS"]
[Date "2016.08.22"]
[Round "6.44"]
[White "Gatalov, Dmitriy"]
[Black "Timirev, Sergey"]
[Result "1-0"]
[WhiteElo "1919"]
[BlackElo "1693"]
[WhiteFideId "44153546"]
[BlackFideId "24181676"]
[EventDate "2016.08.17"]

1. d4 Nf6 2. c4 c5 3. Nf3 cxd4 4. Nxd4 Nc6 5. Nc3 g6 6. e4 d6 7. Be2 Bg7 8. Be3
O-O 9. O-O Bd7 10. Qd2 Rc8 11. Nxc6 Bxc6 12. f3 a6 13. Rab1 Nd7 14. b4 b6 15.
Rfc1 Bb7 16. Bf1 Rb8 17. Rd1 Re8 18. Rbc1 Bf8 19. Rc2 Qc7 20. Nd5 Qd8 21. Qf2
Bxd5 22. cxd5 b5 23. Rdc1 Ne5 24. h3 Qd7 25. f4 Nc4 26. Bxc4 bxc4 27. Rxc4 Rec8
28. Qd2 Rxc4 29. Rxc4 Rc8 30. Rxc8 Qxc8 31. Qd3 Bg7 32. a4 Bc3 33. b5 axb5 34.
axb5 Bb4 35. Kh2 Bc5 36. Qc4 Qc7 37. Bd4 Qb6 38. Bxc5 dxc5 39. e5 Kg7 40. Qd3 f6
41. d6 c4 42. Qxc4 exd6 43. e6 Qb8 44. Qd5 Kf8 45. Qc6 d5 46. g3 1-0

[Event "St.Petersburg Summer Open"]
[Site "St Petersburg RUS"]
[Date "2016.08.22"]
[Round "6.45"]
[White "Yakovlev, Yuri S."]
[Black "Pitkanen, Juhani"]
[Result "1-0"]
[WhiteElo "1891"]
[BlackElo "1676"]
[WhiteFideId "4173929"]
[BlackFideId "504432"]
[EventDate "2016.08.17"]

1. e4 c5 2. Nf3 e6 3. c4 Nc6 4. Nc3 g6 5. d4 cxd4 6. Nxd4 a6 7. Be3 Bg7 8. Qd2
Nge7 9. Rd1 O-O 10. Nxc6 bxc6 11. Bc5 Re8 12. Qe3 Rb8 13. b4 d5 14. Qg3 Rb7 15.
cxd5 exd5 16. Bxa6 Rd7 17. Bxc8 Nxc8 18. O-O dxe4 19. Rxd7 Qxd7 20. Nd1 Be5 21.
Qb3 Qd3 22. Qxd3 exd3 23. Ne3 Rd8 24. Rd1 f5 25. g3 f4 26. Nc4 Bc7 27. gxf4 Rd5
28. Ne5 d2 29. Kf1 Nd6 30. Nxc6 Nc4 31. Ne7+ 1-0

[Event "St.Petersburg Summer Open"]
[Site "St Petersburg RUS"]
[Date "2016.08.22"]
[Round "6.46"]
[White "Shidlovskiy, Artemiy"]
[Black "Dubrovskiy, Vladimir"]
[Result "1-0"]
[WhiteElo "1884"]
[BlackElo "1647"]
[WhiteFideId "34106895"]
[BlackFideId "44185316"]
[EventDate "2016.08.17"]

1. d4 Nf6 2. c4 e6 3. g3 Bb4+ 4. Bd2 Qe7 5. Bg2 d5 6. Nf3 O-O 7. O-O c6 8. Bg5
Nbd7 9. Ne5 Bd6 10. f4 h6 11. Bh4 Qe8 12. Bxf6 Nxf6 13. c5 Bxe5 14. fxe5 Nd7 15.
e4 dxe4 16. Nd2 f6 17. exf6 Nxf6 18. Nc4 Qe7 19. Qe2 b6 20. Ne5 Qc7 21. Rfc1 Qd8
22. Nxc6 Qd7 23. Bxe4 Bb7 24. cxb6 axb6 25. Rc2 Bxc6 26. Bxc6 Qxd4+ 27. Qf2
Qxf2+ 28. Rxf2 Rac8 29. Rc1 Rf7 30. b4 b5 31. Rfc2 Rfc7 32. Rc5 Nd5 33. Bxd5 1-0

[Event "St.Petersburg Summer Open"]
[Site "St Petersburg RUS"]
[Date "2016.08.22"]
[Round "6.47"]
[White "Kuznetsov, Mikhail"]
[Black "Zhemchuzhina, Elizaveta"]
[Result "1/2-1/2"]
[WhiteElo "1699"]
[BlackElo "1867"]
[WhiteFideId "54126738"]
[BlackFideId "34106607"]
[EventDate "2016.08.17"]

1. d4 Nf6 2. Bf4 e6 3. e3 b6 4. Nf3 Bb7 5. Bd3 Be7 6. h3 O-O 7. Nbd2 c5 8. c3
cxd4 9. exd4 Nd5 10. Bh2 f5 11. Qe2 a5 12. O-O Nc6 13. Ne5 Nxe5 14. dxe5 Bg5 15.
Rad1 Nf4 16. Bxf4 Bxf4 17. Nf3 Bxf3 18. Qxf3 Bxe5 19. Rfe1 Qc7 20. Qe3 Bf4 21.
Qd4 Rad8 22. Bb5 Rf7 23. Rxe6 dxe6 24. Qxd8+ Qxd8 25. Rxd8+ Rf8 26. Rd7 Rf6 27.
Kf1 Kf8 28. Ke2 Rf7 29. Rd8+ Ke7 30. Rd1 Bd6 31. Bc6 Rf8 32. Bb5 1/2-1/2

[Event "St.Petersburg Summer Open"]
[Site "St Petersburg RUS"]
[Date "2016.08.22"]
[Round "6.49"]
[White "Averyanov, Grigori"]
[Black "Smorodkin, Kirill"]
[Result "1-0"]
[WhiteElo "1821"]
[BlackElo "1624"]
[WhiteFideId "44150288"]
[BlackFideId "44176678"]
[EventDate "2016.08.17"]

1. d4 Nf6 2. c4 g6 3. Nf3 Bg7 4. Nc3 O-O 5. e4 d6 6. Be2 Bg4 7. Be3 Nfd7 8. O-O
Bxf3 9. Bxf3 Nc6 10. d5 Na5 11. Be2 Bxc3 12. bxc3 e5 13. Qc1 b6 14. g3 Nb7 15.
h4 Nbc5 16. Bh6 Re8 17. Qe3 Nf6 18. Bf3 Qd7 19. Qe2 Qd8 20. Kg2 Qe7 21. Rh1 a5
22. h5 a4 23. Bg5 Ncd7 24. Rae1 Rad8 25. Bg4 Nc5 26. Qf3 Ncd7 27. Bxd7 Rxd7 28.
Bxf6 Qf8 29. Qg4 Rde7 30. Bxe7 Rxe7 31. Qd1 Qa8 32. f4 Qa5 33. Qf3 Qc5 34. fxe5
dxe5 35. Qf6 Re8 36. hxg6 fxg6 37. Rxh7 1-0